000 00820nam a2200253Ia 4500
003 GCL
005 20240530105425.0
008 140319s9999 xx 000 0 ara d
040 _aGCL /
_cGCL
082 0 4 _a342.73
_bهـ ق
100 1 _aهنرى روبيرت
245 1 0 _aالقانون البرلمانى الامريكى /
_cهنرى روبيرت
260 _a[S.N] :
_bمكتبة النهضة المصرية
300 _a283 ص
650 0 4 _aالقانون
650 0 4 _aالولايات المتحدة الامريكية
650 0 4 _aالقانون الدستورى
650 0 4 _aالهيئات التشريعية
650 0 4 _aالتصوير العلمى
650 0 4 _aالرقابة الالمانية
700 1 _aراشد البراوى
700 1 _aزكى شنودة
942 _2ddc
_cBK
999 _c55911
_d55911